000 00423cam a22001337a 4500
008 180718b1963 xxu||||| |||| 00| 0 eng d
082 _aT3103x54 Iy9c
100 _aIyar, A.N.
245 _aThe companies act, 1956, as amended... upto 1st July, 1963
_cby A.N. Iyar and T.R. Ramchandran
260 _aMadras
_bCompany Law Institute
_c1963
300 _av.p.
650 _aCorporation law - India
700 _aRamchandran, T.R.
999 _c371181
_d371181